000 00674nas a2200205 4500
001 BR9212299
003 BR-BrBNA
005 20231205095223.0
007 ta
008 230509b bl.|||p| |||| 00| 00por d
040 _aBR-BrBNA
_bpor
_cBiblioteca Nacional de Agricultura
041 _a(Pt)
072 _aE10
100 1 _aMeneghetti Neto, A.
245 1 _aA crise das financas publicas nos anos 80: algumas consideracoes
650 _aPolitica Economica
773 0 _tIndicadores Economicos - Fundacao de Economia e Estatistica (Brazil)
_xISSN 0102-020X
_g(Aug 1990), v. 18(2) p. 146-150
_wBR9212299
909 _a202311
_bLúcia
_c55
_dLúcia Elande
942 _2AGRIS
_n0
_cANA
999 _c149402
_d149402